Qué hacen las escuelas que innovan /

-д хадгалсан:
Номзүйн дэлгэрэнгүй
Бусад зохиолчид: Aguerrondo, Inés (autor) (autor)
Формат: Ном
Хэл сонгох:испани
Хэвлэсэн: Buenos Aires, Argentina : Educación Papers, 2002, c2002
Нөхцлүүд:
Шошгууд: Шошго нэмэх
Шошго байхгүй, Энэхүү баримтыг шошголох эхний хүн болох!

MARC

LEADER 00000nam^a2200000^a^4500
001 000154725
005 20250521000000.0
009 20260310100404.837
020 |a 987-98271-8-X 
037 |a Acervo ITESO - Biblioteca 
041 |a ESP 
082 |a 371.  |b ESC V. 3 
240 1 4 |a [La escuela del futuro] 
245 0 0 |a Qué hacen las escuelas que innovan /  |c I. Aguerrondo... [et al.]. 
264 4 |a Buenos Aires, Argentina :  |b Educación Papers,  |c 2002, c2002 
300 |a 128 p. 
336 |a texto  |b txt  |2 rdacontenido 
337 |a sin mediación  |b n  |2 rdamedio 
338 |a volumen  |b nc  |2 rdasoporte 
649 |a XX 
650 |a Sistema Escolar 
650 |a Innovación Educativa -  |x Tema Principal 
650 |a Formación y Capacitación de Profesores 
650 |a Formación y Capacitación Laboral 
650 |a Proceso Educativo 
650 |a Planeación Educativa 
650 |a Horarios Escolares 
650 |a Administración Educativa 
650 |a Educación 
700 |a Aguerrondo, Inés  |e (autor) 
910 |a Fondo General 
920 |a Impresos - Libros 
930 |a Colección General 
905 |a 101 
901 |a 0500086284  |b IT1  |c ACC  |u 20250521 
902 |a https://opac.biblio.iteso.mx/vufind/Record/000154725